The british holistic medical association (Record no. 544500)

000 -LEADER
fixed length control field 00453nam a22001577a 4500
020 ## - INTERNATIONAL STANDARD BOOK NUMBER
International Standard Book Number 0863181619
020 ## - INTERNATIONAL STANDARD BOOK NUMBER
International Standard Book Number 0863182232
082 ## - DEWEY DECIMAL CLASSIFICATION NUMBER
Classification number 616.852706
Author Mark GIL
-- L-27, P-130
100 ## - MAIN ENTRY--PERSONAL NAME
Personal name Dr Richard Gillett
9 (RLIN) 40141
245 ## - TITLE STATEMENT
Title The british holistic medical association
Statement of responsibility, etc. Gillett, Dr Richard
260 ## - PUBLICATION, DISTRIBUTION, ETC.
Place of publication, distribution, etc. London
Name of publisher, distributor, etc. Dorling kindersley
Date of publication, distribution, etc. 1987
300 ## - PHYSICAL DESCRIPTION
Extent 224 p.
Other physical details ill.
526 ## - STUDY PROGRAM INFORMATION NOTE
Program name 0
Interest level 0
Reading level 0
Title point value 616_852706000000000_GIL
650 ## - SUBJECT ADDED ENTRY--TOPICAL TERM
Topical term or geographic name entry element MCE
9 (RLIN) 379
942 ## - ADDED ENTRY ELEMENTS (KOHA)
Source of classification or shelving scheme
Koha item type Book
Holdings
Withdrawn status Lost status Source of classification or shelving scheme Damaged status Not for loan Permanent Location Current Location Date acquired Total Checkouts Full call number Barcode Date last seen Price effective from Koha item type
          Military College of Engineering (MCE) Military College of Engineering (MCE) 05/07/2014   616.852706 GIL MCE-25831 05/07/2014 05/07/2014 Book
© 2023 Central Library, National University of Sciences and Technology. All Rights Reserved.